000 00945nam a2200253Ia 4500
003 OSt
005 20220923222431.0
006 a|||||r|||| 00| 0
007 ta
008 220922b |||||||| |||| 00| 0 hin d
024 _a204,935
037 _cTextual
040 _aARTS
_cARTS
_bhin
041 _2hin
_ahin
082 _aO143,3x, 152N4
100 _aविमल, गंगाप्रसाद, संपा.
245 0 _aवन कथा, बल्गारियाई कहानियो का हिन्दी अनुवाद
246 _aVan kathā, balgāriyāī kahāniyo kā hindī anuvāda
260 _aदिल्ली
_b शाश्वत प्रका0
_c1994
300 _a119पृ.
_ccm.
650 _aहिन्दी साहित्य
_9156264
942 _hO143,3x, 152N4
_cTEXL
_2CC
999 _c355683
_d355683